Представление документа в формате RUSMARC

ПолеНазваниеЗначение
  Тип записи a
  Библиографический уровень c
001 Контрольный номер RU/SLIB/B/208727575
005 Дата корректировки 20250211115900.7
010 Индекс ISBN __
a ISBN 5-9265-0005-2
d Цена 60-00
101 Язык документа 0_
a Язык текста rus
c Язык оригинала eng
200 Заглавие и сведения об ответственности 1_
a Заглавие Сочинения для детей
e Сведения, относящиеся к заглавию пер. с англ.
f Первые сведения об ответственности Р. Киплинг
b Общее обозначение материала Текст
210 Выходные данные 1_
a Место издания М.
c Издательство Алгоритм
d Дата издания 2000
215 Физическое описание __
a Объем 494 с.
c Иллюстрации/тип воспроизводства ил.
327 Примечание о содержании 0_
a Примечание о содержании Рассказы о Маугли
327 Примечание о содержании 0_
a Примечание о содержании Рикки-Тики-Тави
327 Примечание о содержании 0_
a Примечание о содержании Откуда у кита такая глотка
327 Примечание о содержании 0_
a Примечание о содержании Отчего у верблюда горб
327 Примечание о содержании 0_
a Примечание о содержании Как леопард стал пятнистым
327 Примечание о содержании 0_
a Примечание о содержании Сказание о старом кенгуру
327 Примечание о содержании 0_
a Примечание о содержании Как было написано первое письмо
327 Примечание о содержании 0_
a Примечание о содержании Кошка, гулявшая сама по себе
327 Примечание о содержании 0_
a Примечание о содержании Братья Маугли
327 Примечание о содержании 0_
a Примечание о содержании Охота питона Каа
327 Примечание о содержании 0_
a Примечание о содержании Тигр! Тигр!
327 Примечание о содержании 0_
a Примечание о содержании Как в джунгли пришел страх
327 Примечание о содержании 0_
a Примечание о содержании Нашествие джунглей
327 Примечание о содержании 0_
a Примечание о содержании Королевский анкас
327 Примечание о содержании 0_
a Примечание о содержании Рыжые собаки
327 Примечание о содержании 0_
a Примечание о содержании Весна
327 Примечание о содержании 0_
a Примечание о содержании Откуда у носорога шкура
327 Примечание о содержании 0_
a Примечание о содержании Откуда взялись броненосцы
327 Примечание о содержании 0_
a Примечание о содержании Слоненок
327 Примечание о содержании 0_
a Примечание о содержании Как был придуман алфавит
327 Примечание о содержании 0_
a Примечание о содержании Краб, который играл с морем
327 Примечание о содержании 0_
a Примечание о содержании Мотылек, который топнул ногой
327 Примечание о содержании 0_
a Примечание о содержании Белый Котик
327 Примечание о содержании 0_
a Примечание о содержании Маленкий Тумаи
327 Примечание о содержании 0_
a Примечание о содержании Слуги ее величества
327 Примечание о содержании 0_
a Примечание о содержании Могильщики
330 Аннотация __
a Аннотация В книге собраны произведения выдающегося английского писателя Редьярда Киплинга, написанные им для детей. Во вступительной статье приведены краткие биографические данные писателя и анализ его произведений.
606 Тематические рубрики __
a Основная рубрика Художественная литература
z Хронологическая подрубрика 19 в.; 20 в.
606 Тематические рубрики __
a Основная рубрика Литература Европы (произведения)
610 Ключевые слова 0_
a Ключевые слова детская литература; английская литература; рассказы; легенды; сказки
686 Индексы других классификаций __
a Классификационный индекс 84(4Вел)-4; ст84(4Вел)-442
700 Автор _1
a Фамилия Киплинг
b Имя Р.
g Полное личное имя Редьярд
4 Код отношения 070
801 Источник записи _0
a Страна RU
b Организация Муниципальное бюджетное учреждение культуры "Централизованная библиотечная система" г. Сургут (Центральная городская библиотека им. А. С. Пушкина)
g Правила каталогизации КиК/Михайлова
801 Источник записи _1
a Страна RU
b Организация Муниципальное бюджетное учреждение культуры "Централизованная библиотечная система" г. Сургут (Центральная городская библиотека им. А. С. Пушкина)
g Правила каталогизации КиК/Михайлова
852 Данные о местонахождении __
j Шифр хранения 84(4Вел)-4
c Каталожный индекс 84(4Вел)-4
i Авторский знак К 42
901 Тип документа __
t Тип документа x
903 Характеристики (МАРС) __
a Дата передачи 20020802
969 Тип издания __
a Тип издания сборник
990 Данные о заказе (DOS) __
j Количество экземпляров (DOS) 15
t N записи в КСУ для И/У (DOS) 200208